000 00514nam a2200181Ia 4500
999 _c1854
_d1854
003 OSt
005 20200930115928.0
008 190216s9999||||xx |||||||||||||| ||und||
020 _a9780813828510
040 _coclc
082 _a631.52
_bLAM/P
100 _aLamkey, Kendall R
_95197
245 0 _aPlant Breeding /
_cKendall R Lamkey ; Michael Lee
260 _bBlackwell Publishers,
_c2007.
_aUSA:
300 _a380p
650 _aBotany
942 _cBK
_2ddc
_h631.52
_iLAM/P
_k631.52
_mLAM/P